| 000 | 00652cam a22002053a 4500 | ||
|---|---|---|---|
| 001 | 43995 | ||
| 003 | PGUSA | ||
| 005 | 20140828084013.0 | ||
| 008 | 131022s2013||||xxu|||||s|||||000 | eng d | ||
| 040 |
_aPGUSA _beng |
||
| 042 | _adc | ||
| 100 | 1 |
_aGoodrich, Samuel G. _q(Samuel Griswold), _d1793-1860 |
|
| 245 | 1 | 0 |
_aPeter Parley's Visit to London : _bDuring the Coronation of Queen Victoria _h[electronic resource] / _cSamuel G. Goodrich |
| 260 |
_bProject Gutenberg, _c2013 |
||
| 506 | _aPublic domain in the USA. | ||
| 516 | _aElectronic text | ||
| 830 | 0 |
_aProject Gutenberg _v43995 |
|
| 856 | 4 | 0 | _uhttp://www.gutenberg.org/ebooks/43995 |
| 942 | _cEB | ||
| 999 |
_c273246 _d273246 |
||